[Event "Pardubice op rapid 27th"]
[Site "Pardubice"]
[Date "2016.07.20"]
[Round "3"]
[White "Potapov, Pavel"]
[Black "Khaetsky, Roman"]
[Result "1/2-1/2"]
[WhiteElo "2483"]
[BlackElo "2385"]
[PlyCount "142"]
[EventDate "2016.07.20"]
[EventType "swiss (rapid)"]
[EventRounds "9"]
[EventCountry "CZE"]
[SourceTitle "CBM 173 Extra"]
[Source "ChessBase"]
[SourceDate "2016.08.29"]
[SourceVersion "1"]
[SourceVersionDate "2016.08.29"]
[SourceQuality "1"]

1. e4 Nc6 2. Nf3 d6 3. d4 Nf6 4. Nc3 g6 5. Bf4 Bg7 6. d5 Nb8 7. Bd3 0-0 8. 0-0 c6 9. a4 Bg4 10. h3 Bxf3 11. Qxf3 Nbd7 12. a5 Qc7 13. a6 cxd5 14. exd5 Nc5 15. Bb5 bxa6 16. Bc6 Rab8 17. Rfb1 e5 18. Bg5 e4 19. Qe3 Rb4 20. Na2 Rb6 21. b4 Ne6 22. Nc3 Nxg5 23. Qxg5 Nh5 24. Ra3 f5 25. b5 Rfb8 26. g4 Bf6 27. Qe3 Ng7 28. Rxa6 f4 29. Qxf4 Bxc3 30. Rxb6 Qxb6 31. Qxe4 Rf8 32. Rf1 Bd4 33. Qe2 Be5 34. Qd3 Ne8 35. Kg2 Nc7 36. Qe4 Qd4 37. Qxd4 Bxd4 38. f4 Kg7 39. h4 a6 40. c4 Rf7 41. Kg3 Re7 42. Rd1 Re3+ 43. Kg2 Bc5 44. Rb1 Re2+ 45. Kf3 Re3+ 46. Kg2 axb5 47. cxb5 Bb6 48. Ra1 Rd3 49. Re1 Nxd5 50. Re4 Rd4 51. Rxd4 Ne3+ 52. Kf3 Bxd4 53. h5 Bb6 54. hxg6 hxg6 55. Be4 Kf6 56. Bd3 d5 57. g5+ Kf7 58. Bb1 Nf5 59. Kg4 Ke6 60. Bd3 Bd4 61. Kf3 Bb6 62. Kg4 Bc5 63. Bb1 Ne3+ 64. Kf3 Kf7 65. Bd3 Nf5 66. Kg4 Ne7 67. Kf3 Ke6 68. Kg4 Kd6 69. Kf3 Ke6 70. Kg4 Nf5 71. Kf3 Kf7 1/2-1/2